00793nam a22001937a 450000500170000001000150001702000260003203500140005803700090007208200080008110000430008924501250013225000210025726000560027827001200033430000530045465000890050770000030059620241127115337.0 aHIN-128827 c240.00a9788196477585 aHN-101173 bDBAD aक aअग्रवाल,बबीता  aबढ़ते कदम:bविकास की पहली सीढ़ी/cबबीता अग्रवाल  aप्रथम  aUttarpradeshbGenic Books Publishers Pvt.Ltd.c2023 a22 Maruti City Extention, Shamshabad Road, Agra bAgra e282001k9557613322k9058586680mgenicpublication@gmail.com a101पृ.c22 सेमी (अजिल्द) aप्रेरणादायक कहानियों का संग्रह